Personnages associés à des événements - Statistiques

Statistiques générales
  • Ce quiz a été pris 132 fois
  • Le résultat moyen est 12 sur 18
Statistiques - réponses
Evénement Personnage % Correct
Appel du 18 juin Charles De Gaulle
98%
Bataille de Waterloo Napoléon
98%
Bataille d'Alésia Jules César
91%
Administration du premier vaccin Louis Pasteur
89%
Indépendance de l'Inde Gandhi
88%
Naissance de l'Islam Mahomet
81%
Premier homme dans l'espace Youri gagarine
81%
Record du monde au 100m Usain Bolt
76%
Edit de Nantes Henri IV
73%
Création de Rome Romulus
73%
Guerre de Sécession Abraham Lincoln
68%
Déchiffrage des Hiéroglyphes Egyptiens Jean-François Champollion
61%
Guerre de cent ans Jeanne d'Arc
60%
Publication du Petit Livre Rouge Mao Zedong
45%
Destruction de la civilisation Aztèque Hernàn Cortés
33%
Ouverture du canal de Suez Ferdinand De Lesseps
21%
Grande dépression Herbert Hoover
13%
Débuts de l'école stoïcienne Zénon de Kition
4%
Aucun quiz correspondant
Distribution des résultats
% des personnes avec chaque résultat
Percentile par nombre de réponses
Votre historique - résultats
Vous n’avez pas pris ce quiz